| 000 | 00587nam a2200217 a 4500 | ||
|---|---|---|---|
| 001 | 0001-2274 | ||
| 003 | ELIB.Books | ||
| 008 | 190813 2010 eng | ||
| 020 | _aKBTS | ||
| 092 |
_aB _bCam |
||
| 100 | _aCampion, Nardi Reeder. | ||
| 245 |
_aLook to This Day! _bThe Living Education of a Great Woman Doctor |
||
| 260 |
_aBoston _bLittle, Brown and Company _c1965 |
||
| 300 |
_a308 _c21cm |
||
| 650 | _aBiography | ||
| 856 |
_nKBTS Library _uKBTS Elib |
||
| 942 |
_2ddc _cBK |
||
| 990 | _a1 | ||
| 998 |
_aEnglishbooks.elf _ccat _e2019-08-13 |
||
| 999 |
_c12274 _d12274 |
||